[Event "Montigny le Bretonneux op 22nd"]
[Site "Montigny le Bretonneux"]
[Date "2018.05.12"]
[Round "6"]
[White "Pelletier, Sylvain"]
[Black "Duval, Dominique"]
[Result "0-1"]
[WhiteElo "1399"]
[BlackElo "1704"]
[PlyCount "32"]
[EventDate "2018.05.10"]
[EventType "swiss"]
[EventRounds "9"]
[EventCountry "FRA"]
[SourceTitle "CBM 184 Extra"]
[Source "ChessBase"]
[SourceDate "2018.06.28"]
[SourceVersion "1"]
[SourceVersionDate "2018.06.28"]
[SourceQuality "1"]

1. e4 c5 2. Nf3 d6 3. d4 cxd4 4. Nxd4 Nf6 5. Nc3 Nc6 6. Be3 g6 7. Qd2 Ng4 8. Bg5 h6 9. Bh4 Bg7 10. Nxc6 bxc6 11. f3 Ne5 12. 0-0-0 Qa5 13. Bf2 Be6 14. a3 Rb8 15. Nb1 Nc4 16. Qxa5 Bxb2# 0-1